| 000 | 00591nam a22002057a 4500 | ||
|---|---|---|---|
| 005 | 2010061103143.0 | ||
| 008 | 100611t xxu||||| |||| 00| 0 eng d | ||
| 010 | _aENG-96340 | ||
| 020 |
_a9788120338340 _c495.00 |
||
| 035 | _aEN-79873 | ||
| 037 | _bDBAD/PUB | ||
| 040 |
_aDPL _bEng |
||
| 100 | _aBudinski, Kenneth G. | ||
| 245 |
_aIntroduction to differential equations / _cby Rabindra Kumar Patnaik |
||
| 260 |
_aNew Delhi _bPHI _c2009 |
||
| 270 |
_aM-97, Connaught Circus, _bNew Delhi _e110001 |
||
| 300 |
_ax, 282p. _c22 cm. (Pbk) |
||
| 500 | _aincludes index | ||
| 942 |
_2ddc _cEN _mPAT |
||
| 999 |
_c36693 _d36693 |
||